Imre Daṿid / (Record no. 32356)

MARC details
000 -LEADER
fixed length control field 00657cam a22002291 4500
001 - CONTROL NUMBER
control field he 67000873
003 - CONTROL NUMBER IDENTIFIER
control field DLC
005 - DATE AND TIME OF LATEST TRANSACTION
control field 20260227111446.0
008 - FIXED-LENGTH DATA ELEMENTS--GENERAL INFORMATION
fixed length control field 840716s1964 nyu 000 0 heb
010 ## - LIBRARY OF CONGRESS CONTROL NUMBER
LC control number he 67000873
035 ## - SYSTEM CONTROL NUMBER
System control number (OCoLC)19188959
040 ## - CATALOGING SOURCE
Original cataloging agency DLC
Transcribing agency MH
Modifying agency DLC
042 ## - AUTHENTICATION CODE
Authentication code premarc
050 00 - LIBRARY OF CONGRESS CALL NUMBER
Classification number BM740.2
Item number .S28
100 1# - MAIN ENTRY--PERSONAL NAME
Personal name Schick, David.
245 10 - TITLE STATEMENT
Title Imre Daṿid /
Statement of responsibility, etc. ...yotse le-ʼor...ʻal yede Yeḳutiʼel Mordekhai Shiḳ.
260 ## - PUBLICATION, DISTRIBUTION, ETC.
Place of publication, distribution, etc. Brooklyn :
Name of publisher, distributor, etc. Defus S. Doyṭsh,
Date of publication, distribution, etc. 724 [1964]
300 ## - PHYSICAL DESCRIPTION
Extent 3 v. in 1 (320 p.)
Dimensions ; 29 cm.
650 #0 - SUBJECT ADDED ENTRY--TOPICAL TERM
Topical term or geographic name entry element Jewish sermons.
650 #0 - SUBJECT ADDED ENTRY--TOPICAL TERM
Topical term or geographic name entry element Responsa.
752 ## - ADDED ENTRY--HIERARCHICAL PLACE NAME
Country or larger entity United States
First-order political jurisdiction New York
City New York

No items available.

Powered by Koha